000 00181nam a2200085 4500
001 1234087
005 20250926113943.0
245 _aKUANTUM MEKANİĞİ
_cTÜBİTAK
260 _bTÜBİTAK
999 _c1234087
_d1234087